000 00567nam a2200217Ia 4500
005 20250409162907.0
008 008 250409s9999 xx 000 0 eng d
037 _aTextbook
040 _aLCT
_beng
_cLCT
041 _aeng
_2eng
084 _qLCT
100 _aWaLTon Anthony
_9690460
245 0 _aRussell on the Law of Arbitration with Suppl.
_cby Anthony WaLTon
250 _a19th ed.
260 _aLondon
_bStevens & Sons Limited
_c1979
300 _alxi, 647p.
365 _aINR
650 _aLaw
942 _cTB
999 _c1308844
_d1308844